LEADER 01793nam 2200577Ia 450 001 9910778787703321 005 20230331004937.0 010 $a1-280-21250-0 010 $a9786610212507 010 $a0-309-53660-X 010 $a0-585-14404-4 035 $a(CKB)110986584750964 035 $a(OCoLC)44958410 035 $a(CaPaEBR)ebrary10060396 035 $a(SSID)ssj0000192875 035 $a(PQKBManifestationID)11180328 035 $a(PQKBTitleCode)TC0000192875 035 $a(PQKBWorkID)10197720 035 $a(PQKB)10343630 035 $a(MiAaPQ)EBC3376829 035 $a(Au-PeEL)EBL3376829 035 $a(CaPaEBR)ebr10060396 035 $a(CaONFJC)MIL21250 035 $a(OCoLC)923266394 035 $a(EXLCZ)99110986584750964 100 $a20040925d1990 my 0 101 0 $aeng 135 $aurcn||||||||| 181 $ctxt 182 $cc 183 $acr 200 10$aLiquid crystalline polymers$b[electronic resource] $ereport of the Committee on Liquid Crystalline Polymers, National Materials Advisory Board, Commission on Engineering and Technical Systems, National Research Council 210 $aWashington, D.C. $cNational Academy Press$d1990 215 $a1 online resource (120 p.) 300 $aBibliographic Level Mode of Issuance: Monograph 311 $a0-309-04231-3 320 $aIncludes bibliographical references. 606 $aPolymer liquid crystals 606 $aLiquid crystals 606 $aPolymers 615 0$aPolymer liquid crystals. 615 0$aLiquid crystals. 615 0$aPolymers. 676 $a620.1/92 801 0$bMiAaPQ 801 1$bMiAaPQ 801 2$bMiAaPQ 906 $aBOOK 912 $a9910778787703321 996 $aLiquid Crystalline Polymers$91891903 997 $aUNINA